South Eastern Kenya University

Library Online Public Access Catalogue


Transgression 2.0 : (Record no. 13628)

MARC details
000 -LEADER
fixed length control field 01336cam a2200373 a 4500
001 - CONTROL NUMBER
control field 16938545
003 - CONTROL NUMBER IDENTIFIER
control field OSt
005 - DATE AND TIME OF LATEST TRANSACTION
control field 20160510140150.0
008 - FIXED-LENGTH DATA ELEMENTS--GENERAL INFORMATION
fixed length control field 110829s2012 nyua b 001 0 eng
010 ## - LIBRARY OF CONGRESS CONTROL NUMBER
LC control number 2011034378
020 ## - INTERNATIONAL STANDARD BOOK NUMBER
International Standard Book Number 9781441149978 (hardcover)
020 ## - INTERNATIONAL STANDARD BOOK NUMBER
International Standard Book Number 144114997X (hardcover)
020 ## - INTERNATIONAL STANDARD BOOK NUMBER
International Standard Book Number 9781441168337 (pbk)
020 ## - INTERNATIONAL STANDARD BOOK NUMBER
International Standard Book Number 1441168338 (pbk.)
040 ## - CATALOGING SOURCE
Original cataloging agency SEKU
042 ## - AUTHENTICATION CODE
Authentication code pcc
050 00 - LIBRARY OF CONGRESS CALL NUMBER
Classification number HM 742
Item number .G6
082 00 - DEWEY DECIMAL CLASSIFICATION NUMBER
Classification number 302.30285
Edition number 23
100 ## - MAIN ENTRY--PERSONAL NAME
Personal name Gournelos, Ted,
Dates associated with a name 1979-
245 00 - TITLE STATEMENT
Title Transgression 2.0 :
Remainder of title media, culture, and the politics of a digital age /
Statement of responsibility, etc. edited by Ted Gournelos and David J. Gunkel.
260 ## - PUBLICATION, DISTRIBUTION, ETC. (IMPRINT)
Place of publication, distribution, etc. New York, NY :
Name of publisher, distributor, etc. Continuum,
Date of publication, distribution, etc. 2012.
300 ## - PHYSICAL DESCRIPTION
Extent xii, 300 p. :
Other physical details ill. ;
Dimensions 24 cm.
504 ## - BIBLIOGRAPHY, ETC. NOTE
Bibliography, etc Includes bibliographical references and index.
505 0# - FORMATTED CONTENTS NOTE
Formatted contents note Mashup/remix/repurpose -- Pornography and beyond -- Media 2.0 : legitimacy, power, and information -- Law, social disturbance, and political unrest.
650 #0 - SUBJECT ADDED ENTRY--TOPICAL TERM
Topical term or geographic name as entry element Social media.
650 #0 - SUBJECT ADDED ENTRY--TOPICAL TERM
Topical term or geographic name as entry element Social media
General subdivision Political aspects.
650 #0 - SUBJECT ADDED ENTRY--TOPICAL TERM
Topical term or geographic name as entry element Social movements.
650 #0 - SUBJECT ADDED ENTRY--TOPICAL TERM
Topical term or geographic name as entry element Technological innovations
General subdivision Social aspects.
650 #0 - SUBJECT ADDED ENTRY--TOPICAL TERM
Topical term or geographic name as entry element Transgression (Ethics)
General subdivision Social aspects.
650 #0 - SUBJECT ADDED ENTRY--TOPICAL TERM
Topical term or geographic name as entry element Transgression (Ethics)
General subdivision Political aspects.
650 #0 - SUBJECT ADDED ENTRY--TOPICAL TERM
Topical term or geographic name as entry element Culture
Chronological subdivision 21st century.
700 1# - ADDED ENTRY--PERSONAL NAME
Personal name Gunkel, David J.
942 ## - ADDED ENTRY ELEMENTS (KOHA)
Source of classification or shelving scheme Library of Congress Classification
Koha item type General circulation
Holdings
Withdrawn status Lost status Source of classification or shelving scheme Damaged status Not for loan Home library Current library Shelving location Date acquired Source of acquisition Total Checkouts Full call number Barcode Date last seen Price effective from Koha item type Public note
    Library of Congress Classification     Main Campus Library Main Campus Library General Stacks 10/05/2016 Donation- Books for Africa   HM 742 .G6 2016/017845 10/05/2016 10/05/2016 General circulation stv
Kitui, Kenya.
+254736116989
library@seku.ac.ke